50 Least Guessed Countries on Jetpunk - Statistics

General Stats
  • This quiz has been taken 182 times
  • The average score is 36 of 50
Answer Stats
Rank Country % Correct
14 Tuvalu
84%
4 Nauru
83%
10 Kiribati
82%
12 Marshall Islands
82%
6 Saint Kitts and Nevis
82%
8 Comoros
81%
18 Saint Lucia
81%
1 Saint Vincent and the Grenadines
81%
30 Samoa
81%
5 East Timor
79%
20 Palau
79%
22 Solomon Islands
79%
40 Lesotho
78%
7 Seychelles
78%
29 Brunei
77%
15 Kosovo
77%
19 Liechtenstein
77%
27 Mauritius
77%
2 São Tomé and Príncipe
77%
44 Tajikistan
77%
9 Vanuatu
77%
24 Eswatini
76%
13 Grenada
76%
17 San Marino
76%
28 Cape Verde
75%
25 Equatorial Guinea
74%
26 Djibouti
73%
35 Kyrgyzstan
73%
23 Antigua and Barbuda
72%
39 Bhutan
72%
41 Dominica
72%
42 Togo
72%
33 Trinidad and Tobago
72%
50 Uzbekistan
72%
21 Burundi
71%
47 Turkmenistan
71%
16 Guinea-Bissau
70%
38 Benin
69%
32 Eritrea
68%
46 Belize
67%
3 Maldives
67%
34 Suriname
67%
43 Azerbaijan
66%
45 Luxembourg
63%
49 Moldova
63%
11 Sierra Leone
61%
36 Armenia
60%
31 Montenegro
60%
37 Nicaragua
48%
48 Costa Rica
35%
No matching quizzes found
Score Distribution
Percent of People with Each Score
Percentile by Number Answered
Your Score History
You have not taken this quiz